Обеспечение качества и повышение конкурентоспособности строительной продукции (Запись № 9579947)

Подробности
000 -МАРКЕР
контрольное поле 01996nam0a2200349 i 4500
001 - ИДЕНТИФИКАТОР ЗАПИСИ
контрольное поле RU\NLR\BIBL_A\010664355
005 - ИДЕНТИФИКАТОР ВЕРСИИ
контрольное поле 20260405173346.0
010 ## - МЕЖДУНАРОДНЫЙ СТАНДАРТНЫЙ НОМЕР КНИГИ (ISBN)
Номер (ISBN) 9785928210847
Тираж 500
021 ## - НОМЕР ГОСУДАРСТВЕННОЙ РЕГИСТРАЦИИ
Код страны Российская Федерация
Номер 2014-89556
Номер Листа государственной регистраци 5441
035 ## - ДРУГИЕ СИСТЕМНЫЕ НОМЕРА
Идентификатор записи (NILC)RuMoRGB-007830221
035 ## - ДРУГИЕ СИСТЕМНЫЕ НОМЕРА
Идентификатор записи (NLR Aleph) 010664355
100 ## - ДАННЫЕ ОБЩЕЙ ОБРАБОТКИ
Данные общей обработки 20150203d2014 k y0rusy50 ca
101 0# - ЯЗЫК РЕСУРСА
Язык текста, звукозаписи и т.д. русский
102 ## - СТРАНА ПУБЛИКАЦИИ ИЛИ ПРОИЗВОДСТВА
Страна публикации Российская Федерация
105 ## - ПОЛЕ КОДИРОВАННЫХ ДАННЫХ: ТЕКСТОВЫЕ МАТЕРИАЛЫ, МОНОГРАФИЧЕСКИЕ
Кодированные данные о монографическом текстовом документе a|||z|||001yy
200 1# - ЗАГЛАВИЕ И СВЕДЕНИЯ ОБ ОТВЕТСТВЕННОСТИ
Основное заглавие Обеспечение качества и повышение конкурентоспособности строительной продукции
Первые сведения об ответственности В.И. Логанина, Л.В. Макарова, Р.В. Тарасов
Последующие сведения об ответственности М-во образования и науки Рос. Федерации, Федер. гос. бюджет. образоват. учреждение высш. проф. образования "Пенз. гос. ун-т архитектуры и стр-ва" (ПГУАС)
210 ## - ПУБЛИКАЦИЯ, РАСПРОСТРАНЕНИЕ И ДР.
Место издания, распространения и т.д. Пенза
Имя издателя, распространителя и т. д. Изд-во ПГУАС
Дата издания, распространения и т.д. 2014
215 ## - ФИЗИЧЕСКАЯ ХАРАКТЕРИСТИКА
Специфическое обозначение материала и объем 175 с.
Другие сведения о физической характеристике ил.
Размеры 20
320 ## - ПРИМЕЧАНИЯ О НАЛИЧИИ В ДОКУМЕНТЕ БИБЛИОГРАФИИ / УКАЗАТЕЛЯ
Текст примечания Библиогр.: с. 127-129 (41 назв.)
606 1# - НАИМЕНОВАНИЕ ТЕМЫ КАК ПРЕДМЕТ
Наименование темы Строительная промышленность
Тематический подзаголовок Конкурентоспособность
Системный номер авторитетной/нормативной записи 2505539
Идентификатор авторитетной/нормативной записи RU\NLR\AUTH\661485724
606 1# - НАИМЕНОВАНИЕ ТЕМЫ КАК ПРЕДМЕТ
Наименование темы Строительная промышленность
Тематический подзаголовок Качество продукции
-- Управление
Системный номер авторитетной/нормативной записи 1770945
Идентификатор авторитетной/нормативной записи RU\NLR\AUTH\661089943
686 1# - ИНДЕКСЫ ДРУГИХ КЛАССИФИКАЦИЙ
Индекс У31(2)-13
686 1# - ИНДЕКСЫ ДРУГИХ КЛАССИФИКАЦИЙ
Индекс У31(2)-823.2-21
700 #1 - ИМЯ ЛИЦА - ПЕРВИЧНАЯ ОТВЕТСТВЕННОСТЬ
Графика поля Кириллица
Материалы, к которым относится поле rus
Начальный элемент ввода Логанина
Часть имени, кроме начального элемента ввода В. И.
Расширение инициалов личного имени Валентина Ивановна
Системный номер авторитетной/нормативной записи 23323
Идентификатор авторитетной/нормативной записи RU\NLR\AUTH\7740371
701 #1 - ИМЯ ЛИЦА - АЛЬТЕРНАТИВНАЯ ОТВЕТСТВЕННОСТЬ
Материалы, к которым относится поле rus
Графика поля Кириллица
Начальный элемент ввода Макарова
Часть имени, кроме начального элемента ввода Л. В.
Дополнения к именам, кроме дат канд. техн. наук
Расширение инициалов личного имени Людмила Викторовна
Идентификатор авторитетной/нормативной записи RU\NLR\AUTH\7740375
Системный номер авторитетной/нормативной записи 23327
701 #1 - ИМЯ ЛИЦА - АЛЬТЕРНАТИВНАЯ ОТВЕТСТВЕННОСТЬ
Материалы, к которым относится поле rus
Графика поля Кириллица
Начальный элемент ввода Тарасов
Часть имени, кроме начального элемента ввода Р. В.
Дополнения к именам, кроме дат канд. техн. наук
Расширение инициалов личного имени Роман Викторович
Идентификатор авторитетной/нормативной записи RU\NLR\AUTH\7774735
Системный номер авторитетной/нормативной записи 57663
801 #0 - ИСТОЧНИК ЗАПИСИ
Страна Российская Федерация
Организация РГБ
Дата составления 20141128
Правила каталогизации RCR
942 ## - ДОПОЛНИТЕЛЬНЫЕ ЭЛЕМЕНТЫ ЗАПИСИ (АБИС)
Тип экземпляра АБИС Книга
980 ## - КОЛЛЕКЦИЯ
Название коллекции НБР

Нет доступных экземпляров.